00402pab a2200145 454500008004000000100001600040245004800056260000900104300001500113362001200128650003900140650001400179700001900193773004400212180718b1991 xxu||||| |||| 00| 0 eng d aSingh, S.S. aPanchayati raj experiment in Madhya Pradesh c1991 ap.687-697. aOct-Dec aPanchayat - India - Madhya Pradesh aPanchayat aMishra, Suresh aIndian Journal of Public Administration